<?xml version="1.0" encoding="UTF-8"?><?xml-stylesheet type="text/xsl" href="static/style.xsl"?><OAI-PMH xmlns="http://www.openarchives.org/OAI/2.0/" xmlns:xsi="http://www.w3.org/2001/XMLSchema-instance" xsi:schemaLocation="http://www.openarchives.org/OAI/2.0/ http://www.openarchives.org/OAI/2.0/OAI-PMH.xsd"><responseDate>2026-04-13T03:02:05Z</responseDate><request verb="GetRecord" identifier="oai:www.recercat.cat:11351/10462" metadataPrefix="marc">https://recercat.cat/oai/request</request><GetRecord><record><header><identifier>oai:recercat.cat:11351/10462</identifier><datestamp>2025-10-24T10:23:27Z</datestamp><setSpec>com_2072_378070</setSpec><setSpec>com_2072_378040</setSpec><setSpec>col_2072_378092</setSpec></header><metadata><record xmlns="http://www.loc.gov/MARC21/slim" xmlns:dcterms="http://purl.org/dc/terms/" xmlns:xsi="http://www.w3.org/2001/XMLSchema-instance" xmlns:doc="http://www.lyncode.com/xoai" xsi:schemaLocation="http://www.loc.gov/MARC21/slim http://www.loc.gov/standards/marcxml/schema/MARC21slim.xsd">
   <leader>00925njm 22002777a 4500</leader>
   <datafield ind2=" " ind1=" " tag="042">
      <subfield code="a">dc</subfield>
   </datafield>
   <datafield ind2=" " ind1=" " tag="720">
      <subfield code="a">Baroncini, Alice</subfield>
      <subfield code="e">author</subfield>
   </datafield>
   <datafield ind2=" " ind1=" " tag="720">
      <subfield code="a">Frechon, Paul</subfield>
      <subfield code="e">author</subfield>
   </datafield>
   <datafield ind2=" " ind1=" " tag="720">
      <subfield code="a">bourghli, anouar</subfield>
      <subfield code="e">author</subfield>
   </datafield>
   <datafield ind2=" " ind1=" " tag="720">
      <subfield code="a">Smith, Justin S.</subfield>
      <subfield code="e">author</subfield>
   </datafield>
   <datafield ind2=" " ind1=" " tag="720">
      <subfield code="a">Pellise, Ferran</subfield>
      <subfield code="e">author</subfield>
   </datafield>
   <datafield ind2=" " ind1=" " tag="720">
      <subfield code="a">Larrieu, Daniel</subfield>
      <subfield code="e">author</subfield>
   </datafield>
   <datafield ind2=" " ind1=" " tag="260">
      <subfield code="c">2023-10-18T07:33:07Z</subfield>
   </datafield>
   <datafield ind2=" " ind1=" " tag="260">
      <subfield code="c">2023-10-18T07:33:07Z</subfield>
   </datafield>
   <datafield ind2=" " ind1=" " tag="260">
      <subfield code="c">2023-10</subfield>
   </datafield>
   <datafield ind2=" " ind1=" " tag="520">
      <subfield code="a">Adult spinal deformity; Coronal alignment; Mechanical complications</subfield>
   </datafield>
   <datafield ind2=" " ind1=" " tag="520">
      <subfield code="a">Deformidad espinal del adulto; Alineación coronal; Complicaciones mecánicas</subfield>
   </datafield>
   <datafield ind2=" " ind1=" " tag="520">
      <subfield code="a">Deformitat espinal de l'adult; Alineació coronal; Complicacions mecàniques</subfield>
   </datafield>
   <datafield ind2=" " ind1=" " tag="520">
      <subfield code="a">Purpose&#xd;
Coronal balance is a major factor impacting the surgical outcomes in adult spinal deformity (ASD). The Obeid coronal malalignment (O-CM) classification has been proposed to improve the coronal alignment in ASD surgery. Aim of this study was to investigate whether a postoperative CM &lt; 20 mm and adherence to the O-CM classification could improve surgical outcomes and decrease the rate of mechanical failure in a cohort of ASD patients.&#xd;
Methods&#xd;
Multicenter retrospective analysis of prospectively collected data on all ASD patients who underwent surgical management and had a preoperative CM > 20 mm and a 2-year follow-up. Patients were divided in two groups according to whether or not surgery had been performed in adherence to the guidelines of the O-CM classification and according to whether or not the residual CM was &lt; 20 mm. The outcomes of interest were radiographic data, rate of mechanical complications and Patient-Reported Outcome Measures.&#xd;
Results&#xd;
At 2 years, adherence to the O-CM classification led to a lower rate of mechanical complications (40 vs. 60%). A coronal correction of the CM &lt; 20 mm allowed for a significant improvement in SRS-22 and SF-36 scores and was associated with a 3.5 times greater odd of achieving the minimal clinical important difference for the SRS-22.&#xd;
Conclusion&#xd;
Adherence to the O-CM classification could reduce the risk of mechanic complications 2 years after ASD surgery. Patients with a residual CM &lt; 20 mm showed better functional outcomes and a 3.5 times greater odd of achieving the MCID for the SRS-22 score.</subfield>
   </datafield>
   <datafield ind2=" " ind1=" " tag="520">
      <subfield code="a">Open Access funding enabled and organized by Projekt DEAL. None.</subfield>
   </datafield>
   <datafield ind1="8" ind2=" " tag="024">
      <subfield code="a">http://hdl.handle.net/11351/10462</subfield>
   </datafield>
   <datafield tag="653" ind2=" " ind1=" ">
      <subfield code="a">Columna vertebral - Malformacions - Cirurgia</subfield>
   </datafield>
   <datafield tag="653" ind2=" " ind1=" ">
      <subfield code="a">Cirurgia - Complicacions</subfield>
   </datafield>
   <datafield tag="653" ind2=" " ind1=" ">
      <subfield code="a">DISEASES::Musculoskeletal Diseases::Bone Diseases::Spinal Diseases::Spinal Curvatures</subfield>
   </datafield>
   <datafield tag="653" ind2=" " ind1=" ">
      <subfield code="a">Other subheadings::Other subheadings::Other subheadings::/surgery</subfield>
   </datafield>
   <datafield tag="653" ind2=" " ind1=" ">
      <subfield code="a">DISEASES::Pathological Conditions, Signs and Symptoms::Pathologic Processes::Postoperative Complications</subfield>
   </datafield>
   <datafield tag="653" ind2=" " ind1=" ">
      <subfield code="a">ENFERMEDADES::enfermedades musculoesqueléticas::enfermedades óseas::enfermedades de la columna vertebral::desviaciones de la columna vertebral</subfield>
   </datafield>
   <datafield tag="653" ind2=" " ind1=" ">
      <subfield code="a">Otros calificadores::Otros calificadores::Otros calificadores::/cirugía</subfield>
   </datafield>
   <datafield tag="653" ind2=" " ind1=" ">
      <subfield code="a">ENFERMEDADES::afecciones patológicas, signos y síntomas::procesos patológicos::complicaciones posoperatorias</subfield>
   </datafield>
   <datafield ind2="0" ind1="0" tag="245">
      <subfield code="a">Adherence to the Obeid coronal malalignment classification and a residual malalignment below 20 mm can improve surgical outcomes in adult spine deformity surgery</subfield>
   </datafield>
</record></metadata></record></GetRecord></OAI-PMH>